[Event "2. Bundesliga West 2008/2009"]
[Site "Salzburg"]
[Date "2009.03.06"]
[Round "9"]
[Board "5"]
[White "Jedinger, Andreas"]
[Black "Lickleder, Andreas"]
[Result "1/2-1/2"]
[WhiteElo "2183"]
[BlackElo "2244"]
[PlyCount "53"]
[EventDate "2008.10.17"]
[EventType "team"]
[EventRounds "11"]
[EventCountry "AUT"]
[WhiteTeam "Rochade Rum"]
[BlackTeam "Wuestenrot Inter Sbg Sued"]

1.e4 c5 2.Nf3 a6 3.c4 e6 4.d4 cxd4 5.Nxd4 Nf6 6.Nc3 Qc7 7.Bd3 Nc6 8.Nxc6 dxc6
9.O-O Bc5 10.Rb1 e5 11.b4 Bd4 12.Qc2 Bg4 13.Kh1 Rd8 14.f3 Be6 15.Ne2 Nh5 16.Nxd4
Rxd4 17.Be3 Rd7 18.Rfd1 O-O 19.Qf2 Nf4 20.Bf1 Rfd8 21.Rxd7 Qxd7 22.Qc2 Qd6 23.a3
f6 24.g3 Ng6 25.Be2 Nf8 26.Rd1 Qc7 27.Bc5

[Event "2. Bundesliga West 2008/2009"]
[Site "Salzburg"]
[Date "2009.03.06"]
[Round "9"]
[Board "6"]
[White "Riemelmoser, Franz"]
[Black "Muehlbacher, Bernhard"]
[Result "1-0"]
[WhiteElo "2298"]
[BlackElo "2171"]
[PlyCount "109"]
[EventDate "2008.10.17"]
[EventType "team"]
[EventRounds "11"]
[EventCountry "AUT"]
[WhiteTeam "Wuestenrot Inter Sbg Sued"]
[BlackTeam "Rochade Rum"]

1.c4 c5 2.Nc3 b6 3.Nf3 Bb7 4.g3 e6 5.Bg2 Nf6 6.O-O a6 7.Re1 d6 8.e4 Nbd7 9.d4
cxd4 10.Nxd4 Qc7 11.Be3 Be7 12.Rc1 O-O 13.f4 Rac8 14.f5 e5 15.Nb3 Qb8 16.Qe2 Qa8
17.Bf2 g6 18.fxg6 hxg6 19.a4 a5 20.Nb5 Bc6 21.Nd2 Ne8 22.Nb1 f5 23.N1c3 Nef6
24.Rcd1 Qb8 25.Qd2 Ng4 26.exf5 Bxg2 27.Kxg2 Rxf5 28.Ne4 Qa8 29.Kg1 Rcf8 30.Re2
Kg7 31.Nc7 Nxh2 32.Kxh2 Rh8+ 33.Kg1 Qc6 34.g4 Rxf2 35.Ne6+ Kg8 36.Nxf2 Nf6
37.Qd3 Kf7 38.Ng5+ Kg7 39.Nge4 Ne8 40.Rf1 Nc7 41.Nd1 d5 42.cxd5 Nxd5 43.Ndc3 Nf4
44.Rxf4 exf4 45.Qd4+ Kg8 46.Qd5+ Qxd5 47.Nxd5 Bd8 48.Nxf4 Rh4 49.Nf2 Kf7 50.Kg2
g5 51.N4d3 Bc7 52.Ne5+ Kf6 53.Nf3 Rh8 54.Ne4+ Kg6 55.Rc2

[Event "2. Bundesliga West 2008/2009"]
[Site "Salzburg"]
[Date "2009.03.06"]
[Round "9"]
[Board "1"]
[White "Zelcic, Robert"]
[Black "Baldauf, Marco"]
[Result "1-0"]
[WhiteElo "2578"]
[BlackElo "2313"]
[PlyCount "63"]
[EventDate "2008.10.17"]
[EventType "team"]
[EventRounds "11"]
[EventCountry "AUT"]
[WhiteTeam "Sparkasse Schwarzach"]
[BlackTeam "Hohenems II"]

1.e4 e6 2.d4 d5 3.Nd2 c5 4.exd5 Qxd5 5.Ngf3 cxd4 6.Bc4 Qd6 7.O-O Nf6 8.Nb3 Nc6
9.Qe2 a6 10.a4 Qc7 11.Bg5 Ng4 12.Rad1 Nge5 13.Nbxd4 Nxc4 14.Qxc4 Bd7 15.Rfe1 Rc8
16.Nf5 Ne5 17.Qe2 Nxf3+ 18.Qxf3 Bc6 19.Qc3 Rg8 20.Qh3 h6 21.Nxh6 gxh6 22.Rxe6+
fxe6 23.Qxe6+ Qe7 24.Bxe7 Rxg2+ 25.Kf1 Bxe7 26.Qxc8+ Kf7 27.Qf5+ Kg8 28.Qe6+ Kf8
29.Qxh6+ Rg7 30.Rd3 Bg2+ 31.Ke2 Bg5 32.Qxg7+

[Event "2. Bundesliga West 2008/2009"]
[Site "Salzburg"]
[Date "2009.03.06"]
[Round "9"]
[Board "2"]
[White "Grabher, Heinz"]
[Black "Krstic, Uros"]
[Result "0-1"]
[WhiteElo "2226"]
[BlackElo "2367"]
[PlyCount "56"]
[EventDate "2008.10.17"]
[EventType "team"]
[EventRounds "11"]
[EventCountry "AUT"]
[WhiteTeam "Hohenems II"]
[BlackTeam "Sparkasse Schwarzach"]

1.e4 e5 2.Nf3 Nc6 3.Bb5 Nge7 4.Nc3 Ng6 5.h4 Bc5 6.h5 Nf4 7.g3 Ne6 8.Nd5 Ncd4
9.Ba4 c6 10.Nxd4 Bxd4 11.Ne3 Bxe3 12.dxe3 Nc5 13.Bb3 d6 14.Qf3 O-O 15.Bd2 h6
16.O-O-O a5 17.Bc3 Qe7 18.a3 b5 19.g4 Nxb3+ 20.cxb3 f6 21.Qe2 Be6 22.Qd2 Bxb3
23.Qxd6 Qf7 24.Rdg1 Rfd8 25.Qc5 b4 26.Bd2 Qd7 27.Bxb4 axb4 28.Qxb4 Qd3

[Event "2. Bundesliga West 2008/2009"]
[Site "Salzburg"]
[Date "2009.03.06"]
[Round "9"]
[Board "3"]
[White "Hecht, Hans-Joachim"]
[Black "Amann, Guenter"]
[Result "1/2-1/2"]
[WhiteElo "2394"]
[BlackElo "2330"]
[PlyCount "58"]
[EventDate "2008.10.17"]
[EventType "team"]
[EventRounds "11"]
[EventCountry "AUT"]
[WhiteTeam "Sparkasse Schwarzach"]
[BlackTeam "Hohenems II"]

1.Nf3 Nf6 2.d4 d5 3.c4 e6 4.g3 dxc4 5.Qa4+ c6 6.Qxc4 b5 7.Qc2 Bb7 8.Bg2 Nbd7
9.O-O c5 10.Bg5 Rc8 11.Nbd2 Qb6 12.Rac1 Be7 13.dxc5 Bxc5 14.Qd1 Ng4 15.e3 h6
16.Nd4 Nge5 17.Bf4 Nd3 18.Nxe6 Bxg2 19.Nxg7+ Kf8 20.Kxg2 Nxc1 21.Qxc1 Kxg7
22.Ne4 Be7 23.Qd1 Qe6 24.Nc3 Bf6 25.Nd5 Rhd8 26.Bc7 Re8 27.Qh5 Ne5 28.e4 Qg4
29.Nxf6 Qxh5

[Event "2. Bundesliga West 2008/2009"]
[Site "Salzburg"]
[Date "2009.03.06"]
[Round "9"]
[Board "4"]
[White "Burschowsky, Matthias"]
[Black "Danner, Georg"]
[Result "1-0"]
[WhiteElo "2193"]
[BlackElo "2440"]
[PlyCount "133"]
[EventDate "2008.10.17"]
[EventType "team"]
[EventRounds "11"]
[EventCountry "AUT"]
[WhiteTeam "Hohenems II"]
[BlackTeam "Sparkasse Schwarzach"]

1.Nf3 Nf6 2.c4 e6 3.b3 c5 4.Bb2 Nc6 5.e3 d5 6.cxd5 exd5 7.Bb5 Bd6 8.O-O O-O
9.Bxc6 bxc6 10.Qc2 Qe7 11.d3 Re8 12.Nbd2 Nd7 13.d4 Bb7 14.Rac1 Rac8 15.Rfe1 cxd4
16.exd4 Qf6 17.a3 Re6 18.Rxe6 fxe6 19.Re1 Rf8 20.Nf1 Qe7 21.Qe2 Re8 22.b4 Bc7
23.h4 h6 24.N1h2 Nf6 25.Ne5 a5 26.b5 Bxe5 27.dxe5 Ne4 28.bxc6 Bxc6 29.Rc1 Qb7
30.Bd4 Rb8 31.Qe1 Be8 32.f3 Bg6 33.fxe4 Bxe4 34.Qxa5 Rf8 35.Rf1 Rxf1+ 36.Nxf1
Qb1 37.Qd2 Bd3 38.Qf4 Qd1 39.Bc5 Kh7 40.Qf2 Qa1 41.Bd6 Ba6 42.Bb4 Qxe5 43.Nd2
Qa1+ 44.Kh2 Bd3 45.Qg3 Qd4 46.Nf3 Qf6 47.Ne5 Be4 48.Bc3 Qe7 49.Nc6 Qd7 50.Qe5
Bf5 51.Nd4 Bg4 52.Kg3 h5 53.Nf3 Bxf3 54.Kxf3 Qf7+ 55.Kg3 Qg6+ 56.Kh2 Kg8 57.a4
Kf7 58.a5 Qd3 59.Qxg7+ Ke8 60.Bb4 Kd8 61.Qe7+ Kc8 62.Qxe6+ Kb7 63.Qb6+ Kc8
64.Bd6 Qc4 65.Qc5+ Kb7 66.Qxc4 dxc4 67.Bb4

[Event "2. Bundesliga West 2008/2009"]
[Site "Salzburg"]
[Date "2009.03.06"]
[Round "9"]
[Board "5"]
[White "Ljubic, Juro"]
[Black "Sandholzer, Robert"]
[Result "1/2-1/2"]
[WhiteElo "2222"]
[BlackElo "2107"]
[PlyCount "82"]
[EventDate "2008.10.17"]
[EventType "team"]
[EventRounds "11"]
[EventCountry "AUT"]
[WhiteTeam "Sparkasse Schwarzach"]
[BlackTeam "Hohenems II"]

1.e4 c6 2.c4 d5 3.exd5 cxd5 4.d4 Nf6 5.Nc3 e6 6.Nf3 Bb4 7.a3 Bxc3+ 8.bxc3 O-O
9.Qc2 b6 10.Bg5 Bb7 11.cxd5 Bxd5 12.Be2 Nbd7 13.O-O Qc7 14.Rac1 Rac8 15.Qb2 Bc4
16.Bxc4 Qxc4 17.Bxf6 Nxf6 18.Ne5 Qc7 19.c4 Rfd8 20.Rfd1 h6 21.h3 Nd7 22.Ng4 Nb8
23.d5 exd5 24.cxd5 Rxd5 25.Re1 Rc5 26.Rcd1 Nc6 27.Re3 Ne7 28.Rde1 Ng6 29.g3 Rc1
30.Qb5 Rxe1+ 31.Rxe1 Qc6 32.Qf5 Re8 33.Rd1 Qe6 34.Qb5 Qe2 35.Qa4 b5 36.Qd4 Ne5
37.Nxe5 Rxe5 38.Rc1 a6 39.Rc8+ Re8 40.Qd7 Qe1+ 41.Kg2 Qe4+

[Event "2. Bundesliga West 2008/2009"]
[Site "Salzburg"]
[Date "2009.03.06"]
[Round "9"]
[Board "6"]
[White "Levy, Pascal"]
[Black "Stoeckl, Norbert"]
[Result "1-0"]
[WhiteElo "2058"]
[BlackElo "2084"]
[PlyCount "111"]
[EventDate "2008.10.17"]
[EventType "team"]
[EventRounds "11"]
[EventCountry "AUT"]
[WhiteTeam "Hohenems II"]
[BlackTeam "Sparkasse Schwarzach"]

1.d4 Nf6 2.c4 g6 3.Nf3 Bg7 4.Nc3 d5 5.Bf4 dxc4 6.e4 c5 7.d5 Qa5 8.e5 Ne4 9.Qa4+
Qxa4 10.Nxa4 b5 11.Nc3 Nxc3 12.bxc3 Bb7 13.O-O-O O-O 14.Be2 Nd7 15.d6 exd6
16.Rxd6 Nb6 17.Rhd1 Na4 18.Kd2 Rad8 19.Rc1 h6 20.Bd1 Nb6 21.Rb1 Nd5 22.Rxb5 Bc6
23.Rxc5 Rxd6 24.exd6 Bxc3+ 25.Kc1 Nxf4 26.Rxc6 Nd3+ 27.Kb1 Rb8+ 28.Bb3 Nb2 29.d7
Rd8 30.Rc8 Bf6 31.Ne5 cxb3 32.Nc6 bxa2+ 33.Kxa2 Kf8 34.Nxd8 Ke7 35.Nxf7 Kxd7
36.Ra8 h5 37.f4 Nd3 38.Rxa7+ Ke6 39.g3 Nf2 40.Nh6 Ne4 41.Kb3 Bd4 42.Ra6+ Nd6
43.Nf7 Kxf7 44.Rxd6 Bg1 45.h3 Bh2 46.Rd3 Kf6 47.h4 Kf5 48.Rd5+ Ke4 49.Rg5 Kf3
50.Rxg6 Bxg3 51.Rxg3+ Kxg3 52.f5 Kxh4 53.f6 Kg3 54.f7 h4 55.f8=Q h3 56.Qf1

[Event "2. Bundesliga West 2008/2009"]
[Site "Salzburg"]
[Date "2009.03.06"]
[Round "9"]
[Board "1"]
[White "Medvegy, Zoltan"]
[Black "Drabke, Lorenz"]
[Result "1-0"]
[WhiteElo "2556"]
[BlackElo "2474"]
[PlyCount "97"]
[EventDate "2008.10.17"]
[EventType "team"]
[EventRounds "11"]
[EventCountry "AUT"]
[WhiteTeam "ATSV Ranshofen"]
[BlackTeam "Dornbirn"]

1.d4 d5 2.c4 c6 3.Nc3 Nf6 4.e3 a6 5.Qc2 e6 6.Nf3 c5 7.cxd5 exd5 8.Be2 Nc6 9.Ne5
Qc7 10.Nxc6 bxc6 11.Bd2 cxd4 12.exd4 Bd6 13.Bg5 Nd7 14.Bh4 Nf8 15.Bg3 Ne6
16.Bxd6 Qxd6 17.Rd1 Rb8 18.a3 O-O 19.O-O a5 20.Rfe1 Bd7 21.Na4 Rfc8 22.Bg4 c5
23.dxc5 Bxa4 24.Qxa4 Rxc5 25.Rd2 Rcb5 26.Bxe6 fxe6 27.Qd4 Qb6 28.Qe5 Rxb2
29.Rxb2 Qxb2 30.Qxe6+ Kf8 31.Qd6+ Kg8 32.Qxd5+ Kh8 33.Qxa5 h6 34.g3 Rf8 35.Qc5
Ra8 36.h4 Qd2 37.Re3 Kg8 38.Qc4+ Kh8 39.Qf4 Qa2 40.Kg2 Kg8 41.Qf5 Kh8 42.Qf3 Qg8
43.Qc6 Rc8 44.Qe6 Qf8 45.Qe7 Qg8 46.Qe6 Qf8 47.g4 Ra8 48.g5 Ra4 49.Rf3

[Event "2. Bundesliga West 2008/2009"]
[Site "Salzburg"]
[Date "2009.03.06"]
[Round "9"]
[Board "3"]
[White "Webersberger, Johann"]
[Black "Novkovic, Julia"]
[Result "1/2-1/2"]
[WhiteElo "2265"]
[BlackElo "2128"]
[PlyCount "87"]
[EventDate "2008.10.17"]
[EventType "team"]
[EventRounds "11"]
[EventCountry "AUT"]
[WhiteTeam "ATSV Ranshofen"]
[BlackTeam "Dornbirn"]

1.d4 Nf6 2.Nf3 g6 3.c4 Bg7 4.g3 O-O 5.Bg2 c5 6.O-O Nc6 7.Nc3 cxd4 8.Nxd4 Nxd4
9.Qxd4 d6 10.Qd2 Rb8 11.b3 Bd7 12.Bb2 Qa5 13.Rfd1 Rfc8 14.Rac1 Bc6 15.Qe3 Bf8
16.h3 a6 17.Nd5 Bxd5 18.Bxd5 Nxd5 19.Rxd5 b5 20.Qd4 f6 21.a3 Qb6 22.Qxb6 Rxb6
23.cxb5 Rxc1+ 24.Bxc1 axb5 25.Be3 Rb7 26.a4 bxa4 27.bxa4 Kf7 28.f4 f5 29.Kf2 Ke6
30.Rd3 Bg7 31.a5 d5 32.a6 Rb8 33.a7 Ra8 34.Bc5 Kd7 35.Rb3 Kc7 36.Ke3 e5 37.fxe5
Bxe5 38.g4 fxg4 39.hxg4 Kc6 40.Bb6 h5 41.gxh5 gxh5 42.Kf3 Bb8 43.axb8=Q Rxb8
44.e4

[Event "2. Bundesliga West 2008/2009"]
[Site "Salzburg"]
[Date "2009.03.06"]
[Round "9"]
[Board "4"]
[White "Klocker, Benedikt"]
[Black "Zoister, Stefan"]
[Result "0-1"]
[WhiteElo "2119"]
[BlackElo "2209"]
[PlyCount "66"]
[EventDate "2008.10.17"]
[EventType "team"]
[EventRounds "11"]
[EventCountry "AUT"]
[WhiteTeam "Dornbirn"]
[BlackTeam "ATSV Ranshofen"]

1.e4 e5 2.Nf3 Nc6 3.Bb5 a6 4.Ba4 Nf6 5.O-O b5 6.Bb3 Be7 7.c3 Nxe4 8.Nxe5 Nxe5
9.Bd5 Nxc3 10.Nxc3 c6 11.Re1 Ng6 12.Bb3 d5 13.d4 O-O 14.Bc2 Bd6 15.Qh5 Qf6
16.Ne2 h6 17.Be3 Ra7 18.Ng3 Nf4 19.Qd1 Re7 20.Rc1 Rfe8 21.Bb1 Bd7 22.Rxc6 Bxc6
23.Qc2 Nd3 24.Qxd3 g6 25.Rc1 Bd7 26.Qb3 Bf4 27.Qxd5 Rxe3 28.Rf1 R3e7 29.Ne4 Qe6
30.Qxe6 Rxe6 31.g3 Bd6 32.f3 Bc6 33.Rd1 Bd5

[Event "2. Bundesliga West 2008/2009"]
[Site "Salzburg"]
[Date "2009.03.06"]
[Round "9"]
[Board "5"]
[White "Ager, Josef"]
[Black "Karrer, Damian"]
[Result "0-1"]
[WhiteElo "2231"]
[BlackElo "2020"]
[PlyCount "102"]
[EventDate "2008.10.17"]
[EventType "team"]
[EventRounds "11"]
[EventCountry "AUT"]
[WhiteTeam "ATSV Ranshofen"]
[BlackTeam "Dornbirn"]

1.d4 d5 2.Nf3 Nc6 3.g3 Bg4 4.Bg2 e6 5.O-O Nf6 6.c4 Bd6 7.Nc3 O-O 8.cxd5 Nxd5
9.e4 Nb6 10.h3 Bh5 11.Ne2 f5 12.e5 Be7 13.Nf4 Bf7 14.h4 Nb4 15.Qb3 N4d5 16.Nd3
h6 17.a4 Rb8 18.Nc5 Nd7 19.Qc4 Nxc5 20.dxc5 c6 21.b4 Qc7 22.Ba3 Bh5 23.Nd4 Kf7
24.Rae1 g5 25.hxg5 Bxg5 26.f4 Be7 27.Kf2 Bg4 28.Rh1 h5 29.Bf3 Bxf3 30.Nxf3 Rh8
31.Rh3 Rh6 32.Reh1 Rbh8 33.Bc1 Qd8 34.Be3 Qg8 35.Ke2 Qg4 36.Kf2 h4 37.gxh4 Bxh4+
38.Nxh4 Rxh4 39.Rxh4 Rxh4 40.Rxh4 Qxh4+ 41.Ke2 Qh2+ 42.Kd3 Qb2 43.Bd2 Qa3+
44.Ke2 Qxa4 45.Kf2 Qd1 46.Bc1 Kg6 47.Kg2 Kh5 48.Kg3 a6 49.Kh3 Qf3+ 50.Kh2 Kg4
51.Kg1 Nc3

[Event "2. Bundesliga West 2008/2009"]
[Site "Salzburg"]
[Date "2009.03.06"]
[Round "9"]
[Board "6"]
[White "Kessler, Michaela"]
[Black "Hackbarth, Wolfgang"]
[Result "0-1"]
[WhiteElo "1835"]
[BlackElo "2167"]
[PlyCount "82"]
[EventDate "2008.10.17"]
[EventType "team"]
[EventRounds "11"]
[EventCountry "AUT"]
[WhiteTeam "Dornbirn"]
[BlackTeam "ATSV Ranshofen"]

1.e4 e5 2.Nf3 Nc6 3.Bb5 a6 4.Ba4 Nf6 5.O-O b5 6.Bb3 Be7 7.Re1 d6 8.c3 Na5 9.Bc2
c5 10.h3 O-O 11.d4 Qc7 12.Nbd2 g6 13.Nf1 Nh5 14.dxe5 dxe5 15.Qd5 Nc6 16.Qd1 Rd8
17.Qe2 Be6 18.b3 c4 19.Be3 f6 20.b4 Nf4 21.Bxf4 exf4 22.Rad1 Ne5 23.Nd4 Bf7
24.Nh2 Qb6 25.Nhf3 a5 26.a3 axb4 27.axb4 Ra3 28.Qd2 Nxf3+ 29.gxf3 Bd6 30.Bb1 Be5
31.Qb2 Bxd4 32.Rxd4 Rxd4 33.cxd4 Rxf3 34.Kg2 Rb3 35.Qd2 f3+ 36.Kg1 Qe6 37.Kh2
Qd6+ 38.Kg1 c3 39.Qd1 Qf4 40.Kh1 Rb2 41.Bc2 Qh4

[Event "2. Bundesliga West 2008/2009"]
[Site "Salzburg"]
[Date "2009.03.07"]
[Round "10"]
[Board "1"]
[White "Deglmann, Ludwig"]
[Black "Medvegy, Zoltan"]
[Result "0-1"]
[WhiteElo "2336"]
[BlackElo "2556"]
[PlyCount "86"]
[EventDate "2008.10.17"]
[EventType "team"]
[EventRounds "11"]
[EventCountry "AUT"]
[WhiteTeam "Sparkasse Jenbach II"]
[BlackTeam "ATSV Ranshofen"]

1.d4 Nf6 2.Nf3 e6 3.e3 c5 4.Bd3 Be7 5.O-O O-O 6.c4 cxd4 7.exd4 d6 8.Nc3 Nbd7
9.d5 e5 10.Ne1 Nc5 11.Bc2 a5 12.Rb1 Bg4 13.f3 Bh5 14.Be3 Nfd7 15.Qd2 Bg6 16.Bxg6
hxg6 17.Nd3 Nxd3 18.Qxd3 Bg5 19.Ne4 Bxe3+ 20.Qxe3 Nf6 21.Nxf6+ gxf6 22.Rbc1 b6
23.f4 Kg7 24.Rc3 Rc8 25.f5 Rh8 26.Qe4 g5 27.Rg3 b5 28.b3 Qb6+ 29.Kh1 Qc5 30.Rg4
Qa3 31.h3 Qxa2 32.Rxg5+ fxg5 33.f6+ Kf8 34.Qg4 Rd8 35.cxb5 Qxb3 36.Rc1 Qxb5
37.Qxg5 Rh7 38.Qf5 Kg8 39.Rc3 Kh8 40.Rg3 Qxd5 41.Rg7 Qd1+ 42.Kh2 Qh5 43.Rg5 Qh6

[Event "2. Bundesliga West 2008/2009"]
[Site "Salzburg"]
[Date "2009.03.07"]
[Round "10"]
[Board "5"]
[White "Schnegg, Martin"]
[Black "Zoister, Stefan"]
[Result "1/2-1/2"]
[WhiteElo "2061"]
[BlackElo "2209"]
[PlyCount "64"]
[EventDate "2008.10.17"]
[EventType "team"]
[EventRounds "11"]
[EventCountry "AUT"]
[WhiteTeam "Sparkasse Jenbach II"]
[BlackTeam "ATSV Ranshofen"]

1.e4 c6 2.d4 d5 3.Nd2 dxe4 4.Nxe4 Nd7 5.Bd3 Ngf6 6.Ng5 e6 7.N1f3 Bd6 8.Qe2 h6
9.Ne4 Nxe4 10.Qxe4 Nf6 11.Qe2 Qc7 12.O-O c5 13.dxc5 Bxc5 14.Be3 O-O 15.Bxc5 Qxc5
16.Nd2 Rb8 17.Ne4 Nxe4 18.Qxe4 g6 19.Qf4 Bd7 20.Qxh6 Qe5 21.c3 Bc6 22.Rfe1 Qg7
23.Qg5 Rfd8 24.Bc2 Rd5 25.Qe3 a6 26.Be4 Rb5 27.Qa7 Rd8 28.Bxc6 bxc6 29.Qxa6 Rxb2
30.Qxc6 Qf6 31.Qf3 Qxf3 32.gxf3 Rdd2

[Event "2. Bundesliga West 2008/2009"]
[Site "Salzburg"]
[Date "2009.03.07"]
[Round "10"]
[Board "1"]
[White "Bayer, Bernhard"]
[Black "Zelcic, Robert"]
[Result "1/2-1/2"]
[WhiteElo "2359"]
[BlackElo "2578"]
[PlyCount "92"]
[EventDate "2008.10.17"]
[EventType "team"]
[EventRounds "11"]
[EventCountry "AUT"]
[WhiteTeam "Schwaz"]
[BlackTeam "Sparkasse Schwarzach"]

1.e4 c6 2.d4 d5 3.Nc3 dxe4 4.Nxe4 Bf5 5.Ng3 Bg6 6.Nf3 e6 7.h4 h6 8.Ne5 Bh7 9.Bc4
Nd7 10.Qe2 Nxe5 11.dxe5 Ne7 12.Bb3 Nf5 13.Nxf5 Bxf5 14.Bd2 a5 15.a4 Qd4 16.O-O-O
Ba3 17.c3 Qb6 18.Qc4 Bc5 19.Bc2 Bxc2 20.Kxc2 O-O-O 21.Qf4 Rd7 22.Bc1 Rhd8
23.Rxd7 Rxd7 24.Rd1 Rxd1 25.Kxd1 Qb3+ 26.Ke2 Qc2+ 27.Bd2 Qg6 28.g3 Bb6 29.Qf3 h5
30.Kf1 Bc7 31.Bf4 Qf5 32.Kg2 g6 33.b3 Qc2 34.c4 Qf5 35.Bd2 Qxf3+ 36.Kxf3 Bxe5
37.Bxa5 c5 38.Bb6 Bd6 39.Ba5 Kd7 40.Bd2 e5 41.Ke4 Ke6 42.Be1 f5+ 43.Ke3 e4 44.f3
Ke5 45.Bc3+ Ke6 46.Be1 Ke5

[Event "2. Bundesliga West 2008/2009"]
[Site "Salzburg"]
[Date "2009.03.07"]
[Round "10"]
[Board "2"]
[White "Krstic, Uros"]
[Black "Fuchs, Georg"]
[Result "1-0"]
[WhiteElo "2367"]
[BlackElo "2231"]
[PlyCount "53"]
[EventDate "2008.10.17"]
[EventType "team"]
[EventRounds "11"]
[EventCountry "AUT"]
[WhiteTeam "Sparkasse Schwarzach"]
[BlackTeam "Schwaz"]

1.e4 e5 2.Nf3 Nf6 3.Nc3 Nc6 4.g3 Bb4 5.Bg2 O-O 6.O-O Re8 7.d3 Nd4 8.Nxd4 exd4
9.Ne2 Bc5 10.f4 c6 11.Kh1 d5 12.e5 Ng4 13.h3 Nh6 14.c3 dxc3 15.bxc3 d4 16.cxd4
Bxd4 17.Nxd4 Qxd4 18.Rb1 Rd8 19.g4 Be6 20.Rxb7 Bxa2 21.Bb2 Qe3 22.Rf3 Qc5 23.d4
Qc4 24.Rc3 Rxd4 25.Qg1 Qa6 26.Qxd4 Qxb7 27.Bxc6

[Event "2. Bundesliga West 2008/2009"]
[Site "Salzburg"]
[Date "2009.03.07"]
[Round "10"]
[Board "3"]
[White "Gruber, Michael"]
[Black "Hecht, Hans-Joachim"]
[Result "1/2-1/2"]
[WhiteElo "2112"]
[BlackElo "2394"]
[PlyCount "44"]
[EventDate "2008.10.17"]
[EventType "team"]
[EventRounds "11"]
[EventCountry "AUT"]
[WhiteTeam "Schwaz"]
[BlackTeam "Sparkasse Schwarzach"]

1.e4 e6 2.d4 d5 3.Nd2 Nf6 4.e5 Nfd7 5.Bd3 c5 6.c3 Nc6 7.Ndf3 cxd4 8.cxd4 Nb6
9.Ne2 Bd7 10.O-O Be7 11.Nf4 Rc8 12.Nh5 g6 13.Ng3 Nb4 14.Bh6 Nc4 15.Bxc4 dxc4
16.Ne4 Bc6 17.Nfg5 Nd3 18.Qg4 Qd5 19.Nc3 Qd7 20.Nce4 Qd5 21.Nc3 Qd7 22.Nce4 Qd5

[Event "2. Bundesliga West 2008/2009"]
[Site "Salzburg"]
[Date "2009.03.07"]
[Round "10"]
[Board "4"]
[White "Danner, Georg"]
[Black "Riedl, Johannes"]
[Result "1-0"]
[WhiteElo "2440"]
[BlackElo "2145"]
[PlyCount "111"]
[EventDate "2008.10.17"]
[EventType "team"]
[EventRounds "11"]
[EventCountry "AUT"]
[WhiteTeam "Sparkasse Schwarzach"]
[BlackTeam "Schwaz"]

1.d4 f5 2.g3 Nf6 3.Bg2 g6 4.c4 d6 5.Nc3 Bg7 6.d5 Na6 7.Nf3 O-O 8.O-O Qe8 9.Nd4
Bd7 10.Rb1 c6 11.b3 Nc7 12.Bb2 c5 13.Nf3 b5 14.e3 Rb8 15.Qc2 bxc4 16.bxc4 Rb4
17.Nd2 g5 18.Ba1 Qh5 19.a3 Rxb1 20.Rxb1 f4 21.exf4 gxf4 22.Nce4 Ng4 23.Nf1 Bxa1
24.Rxa1 f3 25.Bh1 Ne5 26.Re1 Ne8 27.Qc3 Ng7 28.Nxc5 Bh3 29.Nd2 Qg6 30.Ne6 Nxe6
31.dxe6 Qxe6 32.c5 Qd5 33.cxd6 exd6 34.Ne4 Nd3 35.Re3 Nc5 36.Nxc5 dxc5 37.Qe1 c4
38.Re5 Qd4 39.Rg5+ Kh8 40.Bxf3 h6 41.Rd5 Qf6 42.Bd1 c3 43.Rc5 Rd8 44.Bc2 Kg8
45.Qxc3 Qxc3 46.Rxc3 Rd2 47.Bb3+ Kf8 48.a4 Rb2 49.Bc2 Ra2 50.f4 Ra1+ 51.Kf2 Rh1
52.f5 Rxh2+ 53.Ke3 h5 54.Kf4 Bg4 55.Kg5 Rd2 56.Rc8+

[Event "2. Bundesliga West 2008/2009"]
[Site "Salzburg"]
[Date "2009.03.07"]
[Round "10"]
[Board "5"]
[White "Kondrak, Christof"]
[Black "Ljubic, Juro"]
[Result "0-1"]
[WhiteElo "2148"]
[BlackElo "2222"]
[PlyCount "84"]
[EventDate "2008.10.17"]
[EventType "team"]
[EventRounds "11"]
[EventCountry "AUT"]
[WhiteTeam "Schwaz"]
[BlackTeam "Sparkasse Schwarzach"]

1.d4 c5 2.dxc5 e6 3.e3 Nf6 4.a3 a5 5.b3 Na6 6.b4 b6 7.Qf3 Rb8 8.c6 axb4 9.Bxa6
Bxa6 10.axb4 Bxb4+ 11.c3 Ba5 12.Ne2 O-O 13.Ba3 d6 14.g4 Qc7 15.g5 Nd5 16.e4 Ne7
17.h4 Nxc6 18.h5 Ne5 19.Qg3 Bxe2 20.Kxe2 Qc4+ 21.Kd1 Qxe4 22.Rh4 Qf3+ 23.Qxf3
Nxf3 24.Rg4 Rfd8 25.Rg3 Ne5 26.Nd2 Rbc8 27.Bb4 Ra8 28.Rb1 d5 29.f4 Nc4 30.Nf3
Bxb4 31.Rxb4 Ra2 32.Ne5 Rh2 33.Nxc4 dxc4+ 34.Kc1 Rxh5 35.Rxc4 h6 36.gxh6 Rxh6
37.Rc7 Rh4 38.Rf3 Rd5 39.Kc2 Rf5 40.Kd3 g5 41.c4 Rhxf4 42.Re3 Rc5

[Event "2. Bundesliga West 2008/2009"]
[Site "Salzburg"]
[Date "2009.03.07"]
[Round "10"]
[Board "6"]
[White "Stoeckl, Norbert"]
[Black "Streiter, Gerhard"]
[Result "1-0"]
[WhiteElo "2084"]
[BlackElo "1948"]
[PlyCount "47"]
[EventDate "2008.10.17"]
[EventType "team"]
[EventRounds "11"]
[EventCountry "AUT"]
[WhiteTeam "Sparkasse Schwarzach"]
[BlackTeam "Schwaz"]

1.e4 c5 2.Nf3 d6 3.d4 cxd4 4.Nxd4 Nf6 5.Nc3 g6 6.Be3 Bg7 7.f3 Nc6 8.g4 O-O 9.Qd2
Be6 10.h4 d5 11.g5 Nh5 12.Nxc6 bxc6 13.O-O-O Qa5 14.exd5 Rfd8 15.Bc4 Rab8 16.Bd4
cxd5 17.Bb3 Rd6 18.Rhe1 Bxd4 19.Qxd4 Rb4 20.Qe5 Rxh4 21.Nxd5 Bxd5 22.Bxd5 Qd8
23.Qxe7 Qf8 24.Bxf7+

[Event "2. Bundesliga West 2008/2009"]
[Site "Salzburg"]
[Date "2009.03.07"]
[Round "10"]
[Board "1"]
[White "Bromberger, Stefan"]
[Black "Dobosz, Henryk"]
[Result "1-0"]
[WhiteElo "2490"]
[BlackElo "2440"]
[PlyCount "47"]
[EventDate "2008.10.17"]
[EventType "team"]
[EventRounds "11"]
[EventCountry "AUT"]
[WhiteTeam "Rochade Rum"]
[BlackTeam "Goetzis"]

1.Nf3 d5 2.d4 c6 3.c4 Bf5 4.cxd5 cxd5 5.Qb3 Bc8 6.Nc3 e6 7.Bf4 Nf6 8.e3 Nc6
9.Nb5 Bb4+ 10.Ke2 O-O 11.Nc7 Rb8 12.Na6 bxa6 13.Bxb8 Qb6 14.a3 Qxb8 15.axb4 Nxb4
16.Ne5 Qb6 17.f3 Bb7 18.Kf2 Rb8 19.Be2 Qd6 20.Rhc1 Ne8 21.Rc5 Ba8 22.Qa4 f6
23.Nd7 Bc6 24.Rxc6

[Event "2. Bundesliga West 2008/2009"]
[Site "Salzburg"]
[Date "2009.03.07"]
[Round "10"]
[Board "2"]
[White "Eisenbeiser, Amadeus"]
[Black "Heinzel, Olaf"]
[Result "1-0"]
[WhiteElo "2434"]
[BlackElo "2386"]
[PlyCount "68"]
[EventDate "2008.10.17"]
[EventType "team"]
[EventRounds "11"]
[EventCountry "AUT"]
[WhiteTeam "Goetzis"]
[BlackTeam "Rochade Rum"]

1.g3 d5 2.Bg2 Nf6 3.d3 c6 4.Nd2 e5 5.h3 Bd6 6.e3 Be6 7.Ne2 Qe7 8.b3 Na6 9.Bb2
Nd7 10.d4 e4 11.Nf4 O-O-O 12.a3 Nc7 13.c4 f5 14.Nxe6 Nxe6 15.h4 Rhf8 16.b4 f4
17.gxf4 Bxf4 18.Qe2 Bh6 19.b5 cxb5 20.cxd5 Nc7 21.d6 Qxd6 22.Nxe4 Qg6 23.O-O Kb8
24.Rac1 Nb6 25.Rxc7 Kxc7 26.Qxb5 Rd5 27.Nc5 Qg4 28.f4 Rf6 29.Rc1 Rg6 30.Qf1 Kb8
31.Qf2 Rh5 32.Qc2 Rc6 33.Qe4 Rhxc5 34.dxc5 Qxh4

[Event "2. Bundesliga West 2008/2009"]
[Site "Salzburg"]
[Date "2009.03.07"]
[Round "10"]
[Board "3"]
[White "Bertagnolli, Alexander"]
[Black "Schmidlechner, Alexander"]
[Result "1-0"]
[WhiteElo "2322"]
[BlackElo "2210"]
[PlyCount "81"]
[EventDate "2008.10.17"]
[EventType "team"]
[EventRounds "11"]
[EventCountry "AUT"]
[WhiteTeam "Rochade Rum"]
[BlackTeam "Goetzis"]

1.e4 c5 2.Nf3 a6 3.c4 d6 4.d4 cxd4 5.Nxd4 e5 6.Nc2 Be7 7.Nc3 Nc6 8.Be3 Be6 9.Be2
Bg5 10.Qd2 Bxe3 11.Qxe3 Nf6 12.O-O O-O 13.Rfd1 Qc7 14.Rac1 Rac8 15.b3 Rfd8 16.g3
Ne7 17.f4 Bg4 18.fxe5 dxe5 19.Nd5 Nexd5 20.exd5 Bxe2 21.Qxe2 b5 22.Ne3 bxc4
23.bxc4 Qc5 24.Kg2 g6 25.Rf1 Rd6 26.Rxf6 Rxf6 27.Ng4 Rd6 28.Qxe5 h5 29.Nf6+ Rxf6
30.Qxf6 Qe3 31.Qf4 Qe2+ 32.Kg1 Qxa2 33.d6 Qa5 34.d7 Qc5+ 35.Qf2 Qxf2+ 36.Kxf2
Rd8 37.Rd1 Kf8 38.c5 Ke7 39.c6 a5 40.c7 Rxd7 41.Re1+

[Event "2. Bundesliga West 2008/2009"]
[Site "Salzburg"]
[Date "2009.03.07"]
[Round "10"]
[Board "4"]
[White "Scheffknecht, Philipp"]
[Black "Eybl, Alexander"]
[Result "1/2-1/2"]
[WhiteElo "2187"]
[BlackElo "2270"]
[PlyCount "42"]
[EventDate "2008.10.17"]
[EventType "team"]
[EventRounds "11"]
[EventCountry "AUT"]
[WhiteTeam "Goetzis"]
[BlackTeam "Rochade Rum"]

1.d4 Nf6 2.Nf3 b5 3.e3 a6 4.Bd3 Bb7 5.Nbd2 d5 6.Ne5 e6 7.O-O Bd6 8.f4 c5 9.Ndf3
c4 10.Ng5 Bxe5 11.fxe5 cxd3 12.exf6 gxf6 13.Qh5 Qe7 14.Nf3 dxc2 15.Ne1 Nd7
16.Nxc2 f5 17.Bd2 Nf6 18.Qe2 Ne4 19.Ba5 Rc8 20.Nb4 Qg5 21.Nd3 O-O